| 000 | 00686nam a22001937a 4500 | ||
|---|---|---|---|
| 005 | 20130523164736.0 | ||
| 010 | _aB-477505-513 | ||
| 020 |
_a9788192114446 _c480.00 |
||
| 035 | _aB-477505-513 | ||
| 037 |
_adpl _bVirtuous pub/Ven |
||
| 082 | _a030.954 | ||
| 245 |
_aLimca book of records, 2012 : _bIndia at her best _cedited by Vijaya Ghose |
||
| 260 |
_aGurgaon _bCoca-Cola Inc. _c2012 |
||
| 270 |
_aEnkay towers, Udyog bhavan - V _bHaryana |
||
| 300 |
_a327 p. _c27 cm(Hb) |
||
| 500 | _aSpecial music edition | ||
| 942 |
_2ddc _cEN _mGHO _h030.954 |
||
| 999 |
_c68547 _d68547 |
||